Vista normal
Vista MARC
Entrada Personal Name
Número de registros utilizados en: 1
001 - CONTROL NUMBER
- control field: 14125
003 - CONTROL NUMBER IDENTIFIER
- control field: DLC
005 - DATE AND TIME OF LATEST TRANSACTION
- control field: 20230428121159.0
008 - FIXED-LENGTH DATA ELEMENTS
- fixed length control field: 850716n| acannaabn |n aaa
010 ## - LIBRARY OF CONGRESS CONTROL NUMBER
- LC control number: n 85062608
035 ## - SYSTEM CONTROL NUMBER
- System control number: (OCoLC)oca01369110
040 ## - CATALOGING SOURCE
- Original cataloging agency: DLC
- Language of cataloging: spa
- Transcribing agency: Mx-PuUPA
- Modifying agency: DLC
- Modifying agency: OCoLC
- Modifying agency: Mx-PuUPA
- Description conventions: rda
046 ## - SPECIAL CODED DATES
- Birth date: 1789
- Death date: 1850
100 1# - HEADING--PERSONAL NAME
- Personal name: Filísola, Vicente,
- Dates associated with a name: 1789-1850
370 ## - ASSOCIATED PLACE
- Place of birth: Ravello, Italia
- Place of death: Ciudad de México
374 ## - OCCUPATION
- Occupation: Autor
- Occupation: Militar español
- Occupation: Jefe Político Superior de Guatemala (1822–1823)
375 ## - GENDER
- Gender: hombre
377 ## - ASSOCIATED LANGUAGE
- Language code: spa
670 ## - SOURCE DATA FOUND
- Source citation: His Memoirs for the history of the war in Texas, 1985:
- Information found: CIP t.p. (Vicente Filísola; division general and president of the Supreme Tribunal of War and the Navy of the Republic) CIP data sheet (b. 1789)
670 ## - SOURCE DATA FOUND
- Source citation: LC data base, 7/11/85
- Information found: (hdg.: Filísola, Vicente)